I'm glad I did / Cynthia Weil.
Available copies
- 1 of 1 copy available at LARL/NWRL Consortium.
- 1 of 1 copy available at Lake Agassiz Regional Library. (Show preferred library)
Current holds
0 current holds with 1 total copy.
Show Only Available Copies
| Location | Call Number / Copy Notes | Barcode | Shelving Location | Status | Due Date |
|---|---|---|---|---|---|
| Bagley Public Library | Y WEI (Text) | 33500011966009 | Main | Available | - |
Record details
- ISBN: 9781616953560 (hardback)
- ISBN: 161695356X (hardback)
- Physical Description: pages cm
- Publisher: New York : Soho Teen, [2015]
Content descriptions
| Summary, etc.: | In 1963 sixteen-year-old JJ Green, a songwriter ... Read More |
Search for related items by subject
| LDR | 02090cam a22005178i 4500 | ||
|---|---|---|---|
| 001 | 173432 | ||
| 003 | LARL_NWRL_CONSORTIUM | ||
| 005 | 20141215112240.0 | ||
| 008 | 140801s2015 nyu d 000 1 eng | ||
| 010 | . | ‡a2014025047 | |
| 015 | . | ‡aGBB4D7466 ‡2bnb | |
| 016 | 7 | . | ‡a016964950 ‡2Uk |
| 020 | . | ‡a9781616953560 (hardback) | |
| 020 | . | ‡a161695356X (hardback) | |
| 020 | . | ‡z9781616953577 (ebook) | |
| 035 | . | ‡a(OCoLC)879582429 | |
| 040 | . | ‡aDLC ‡beng ‡erda ‡cDLC ‡dYDXCP ‡dBTCTA ‡dBDX ‡dUKMGB | |
| 042 | . | ‡alcac ‡apcc | |
| 050 | 0 | 0. | ‡aPZ7.1.W43 ‡bIm 2015 |
| 082 | 0 | 0. | ‡a[Fic] ‡223 |
| 084 | . | ‡aJUV016150 ‡aJUV026000 ‡aJUV028000 ‡2bisacsh | |
| 100 | 1 | . | ‡aWeil, Cynthia. |
| 245 | 1 | 0. | ‡aI'm glad I did / ‡cCynthia Weil. |
| 246 | 3 | . | ‡aI am glad I did |
| 260 | . | ‡aNew York : ‡bSoho Teen, ‡c[2015] | |
| 300 | . | ‡apages cm | |
| 336 | . | ‡atext ‡2rdacontent | |
| 337 | . | ‡aunmediated ‡2rdamedia | |
| 338 | . | ‡avolume ‡2rdacarrier | |
| 520 | . | ‡aIn 1963 sixteen-year-old JJ Green, a songwriter interning at New York City's famous Brill Building, finds herself a writing partner In Luke Silver, a boy who seems to connect instantly with her music, and they start cutting their first demo with Dulcie Brown, a legend who has fallen on hard times, with a secret past. | |
| 650 | 1. | ‡aComposers ‡vFiction. ‡0(LARL_NWRL_CONSORTIUM)164442 | |
| 650 | 1. | ‡aPopular music ‡vFiction. | |
| 650 | 1. | ‡aInternship programs ‡vFiction. | |
| 650 | 1. | ‡aLove ‡vFiction. ‡0(LARL_NWRL_CONSORTIUM)176088 | |
| 650 | 1. | ‡aSecrets ‡vFiction. | |
| 650 | 1. | ‡aMystery and detective stories. ‡0(LARL_NWRL_CONSORTIUM)176113 | |
| 650 | 7. | ‡aJUVENILE FICTION / Historical / United States / 20th Century. ‡2bisacsh | |
| 650 | 7. | ‡aJUVENILE FICTION / Love & Romance. ‡2bisacsh | |
| 650 | 7. | ‡aJUVENILE FICTION / Mysteries & Detective Stories. ‡2bisacsh | |
| 948 | . | ‡hNO HOLDINGS IN LAL - 22 OTHER HOLDINGS | |
| 994 | . | ‡aZ0 ‡bLAL | |
| 901 | . | ‡a173432 ‡bOCLC ‡c173432 ‡tbiblio | |

Add to basket
Permalink
Disable Highlighting